Countries Starting with the Letter B - Statistics

General Stats
  • This quiz has been taken 70 times
  • The average score is 13 of 17
Answer Stats
Hint Answer % Correct
North America Bahamas
93%
South America Bolivia
91%
Europe Belgium
87%
South America Brazil
87%
Africa Botswana
85%
North America Belize
83%
North America Barbados
81%
Asia Bhutan
78%
Asia Bangladesh
76%
Europe Bulgaria
74%
Africa Burundi
74%
Asia Bahrain
72%
Europe Bosnia and Herzegovina
70%
Asia Brunei
70%
Europe Belarus
69%
Africa Benin
67%
Africa Burkina Faso
59%
No matching quizzes found
Score Distribution
Percent of People with Each Score
Percentile by Number Answered
Your Score History
You have not taken this quiz